[Event "Rated Blitz game"]
[Site "?"]
[Date "2021.11.07"]
[Round "?"]
[White "s_sugiarto"]
[Black "lavilaine"]
[Result "1-0"]
[WhiteElo "2448"]
[BlackElo "2450"]
[PlyCount "91"]
[EventDate "2021.??.??"]
[EventType "blitz"]

1. e4 e5 2. Nf3 d5 3. exd5 e4 4. Nd4 Qxd5 5. Nb3 Qe5 6. Be2 Bd6 7. d4 Qe7 8. c3
f5 9. N1d2 Nf6 10. Nc4 Nc6 11. Nxd6+ cxd6 12. Bf4 Be6 13. Bg5 d5 14. Bh5+ g6
15. Be2 h6 16. Bxf6 Qxf6 17. Nc5 f4 18. Qb3 e3 19. Qxb7 exf2+ 20. Kxf2 Rc8 21.
Rhe1 O-O 22. Bf3 Nxd4 23. cxd4 Qxd4+ 24. Kf1 Qc4+ 25. Kg1 Qxc5+ 26. Kh1 Bf7 27.
h3 Rfe8 28. Rec1 Qxc1+ 29. Rxc1 Rxc1+ 30. Kh2 Ree1 31. Qb8+ Kh7 32. Qxf4 Bg8
33. h4 Rc4 34. Qf6 Re6 35. Qd8 Rxh4+ 36. Qxh4 g5 37. Qd4 Rb6 38. Bxd5 Bxd5 39.
Qxd5 Kg6 40. b4 Rxb4 41. Qd6+ Kh5 42. Qxb4 a5 43. Qxa5 Kh4 44. Qb6 h5 45. Qd4+
g4 46. Qf6# {Normal} 1-0

[Event "Rated Blitz game"]
[Site "?"]
[Date "2021.11.07"]
[Round "?"]
[White "Lightlike"]
[Black "Fantastic_power06"]
[Result "1/2-1/2"]
[WhiteElo "2631"]
[BlackElo "2815"]
[PlyCount "89"]
[EventDate "2021.??.??"]
[EventType "blitz"]

1. e4 e5 2. Nf3 d5 3. Nxe5 Bd6 4. d4 dxe4 5. Nc4 Nc6 6. Nc3 Bf5 7. Be3 Nf6 8.
Qd2 Bb4 9. a3 Bxc3 10. Qxc3 Nd5 11. Qd2 O-O 12. Be2 Bg6 13. O-O f5 14. f4 Nxe3
15. Qxe3 Qxd4 16. Rad1 Qxe3+ 17. Nxe3 Rfd8 18. Bc4+ Kf8 19. Kf2 Rxd1 20. Rxd1
Rd8 21. Rxd8+ Nxd8 22. g4 fxg4 23. Nxg4 Bf5 24. Ne5 Ke7 25. Ke3 Kf6 26. Bd5 g5
27. Nc4 Ne6 28. Bxe6 Bxe6 29. fxg5+ Kxg5 30. Nd2 Bf5 31. Nxe4+ Bxe4 32. Kxe4
Kg4 33. c4 h5 34. b4 h4 35. a4 Kh3 36. Kf3 Kxh2 37. Kf2 a5 38. bxa5 h3 39. c5
c6 40. a6 bxa6 41. a5 Kh1 42. Kf1 Kh2 43. Kf2 Kh1 44. Kf1 h2 45. Kf2 {Normal}
1/2-1/2

[Event "Rated Blitz game"]
[Site "?"]
[Date "2021.11.07"]
[Round "?"]
[White "Izzrayizzix"]
[Black "s_1704"]
[Result "1-0"]
[WhiteElo "2440"]
[BlackElo "2275"]
[PlyCount "63"]
[EventDate "2021.??.??"]
[EventType "blitz"]

1. e4 e5 2. Nf3 d5 3. Nxe5 Bd6 4. d4 dxe4 5. Nc4 Nc6 6. Nc3 Bf5 7. Ne3 Qd7 8.
Bb5 a6 9. Bxc6 bxc6 10. Qh5 g6 11. Qe2 Nf6 12. Nc4 O-O 13. Bh6 Rfe8 14. h3 Rab8
15. O-O-O Nd5 16. Na4 Rb4 17. Nc5 Bxc5 18. dxc5 Qe7 19. a3 Rb5 20. g4 Bd7 21.
Be3 Reb8 22. Bd4 Rxc5 23. Bxc5 Qxc5 24. Qxe4 Be6 25. Qd4 Qb5 26. Rhe1 Nb6 27.
Ne5 Na4 28. Nd3 c5 29. Qf6 c4 30. Nb4 c5 31. Rxe6 cxb4 32. Red6 {Normal} 1-0

[Event "Rated Blitz game"]
[Site "?"]
[Date "2021.11.07"]
[Round "?"]
[White "riverplatano"]
[Black "Annali-annaliew1979"]
[Result "0-1"]
[WhiteElo "2417"]
[BlackElo "2445"]
[PlyCount "78"]
[EventDate "2021.??.??"]
[EventType "blitz"]

1. e4 e5 2. Nf3 d5 3. d4 dxe4 4. Nxe5 Bd6 5. Nc4 Nf6 6. Nxd6+ cxd6 7. Be2 h6 8.
c4 O-O 9. Nc3 Bf5 10. O-O Nc6 11. f3 exf3 12. Bxf3 Bg6 13. Kh1 Re8 14. a3 a5
15. Bf4 Qb6 16. Nb5 d5 17. b3 a4 18. Nd6 axb3 19. Nxe8 Rxe8 20. cxd5 Nxd4 21.
Qd2 Nxf3 22. Rxf3 Be4 23. Rf2 Bxd5 24. Raf1 Bc4 25. Qb2 Bxf1 26. Rxf1 Qb5 27.
Rc1 Re2 28. Qc3 Rc2 29. Qe1 Rxc1 30. Qxc1 Nd5 31. Be5 Qd3 32. h3 Qc2 33. Qa1
Ne3 34. Qg1 b2 35. Bxb2 Qxb2 36. Qxe3 g6 37. Kh2 Kg7 38. Qf3 h5 39. Qxb7 Qxb7 {
Normal} 0-1

[Event "Rated Blitz tournament GKyuSmHM"]
[Site "?"]
[Date "2021.11.07"]
[Round "?"]
[White "Ghandhoss"]
[Black "Bis_Kecil_BKD"]
[Result "0-1"]
[WhiteElo "2252"]
[BlackElo "2486"]
[PlyCount "26"]
[EventDate "2021.??.??"]
[EventType "blitz"]

1. e4 e5 2. Nf3 d5 3. Nxe5 dxe4 4. d4 Nd7 5. Nxd7 Bxd7 6. Be2 Nf6 7. O-O Bd6 8.
c3 h5 9. f3 Bxh2+ 10. Kxh2 Ng4+ 11. Kg3 h4+ 12. Kf4 Qf6+ 13. Kxe4 Qf5# {Normal}
0-1

[Event "Rated Blitz tournament xEHdF8T0"]
[Site "?"]
[Date "2021.11.07"]
[Round "?"]
[White "Fzy-TCC"]
[Black "Room_CSS"]
[Result "0-1"]
[WhiteElo "2441"]
[BlackElo "2482"]
[PlyCount "62"]
[EventDate "2021.??.??"]
[EventType "blitz"]

1. e4 e5 2. Nf3 d5 3. exd5 e4 4. Nd4 Qxd5 5. Nb3 Nf6 6. Nc3 Qe5 7. d3 exd3+ 8.
Be3 dxc2 9. Qxc2 Nc6 10. O-O-O Bf5 11. Bd3 Nb4 12. Bd4 Qf4+ 13. Be3 Nxc2 14.
Bxf4 Bxd3 15. Rxd3 Nb4 16. Re3+ Be7 17. Rhe1 O-O 18. Rxe7 Nd3+ 19. Kc2 Nxf4 20.
Rxc7 Nxg2 21. Ree7 b6 22. Rxa7 Rxa7 23. Rxa7 h5 24. Rb7 Ng4 25. Rxb6 Nxh2 26.
a4 h4 27. a5 h3 28. Ne2 Nf1 29. Rb5 g6 30. Nd2 h2 31. Nxf1 h1=Q {Normal} 0-1

[Event "Rated Blitz tournament nov21bta"]
[Site "?"]
[Date "2021.11.06"]
[Round "?"]
[White "dmitrijiiiGM"]
[Black "KrAKeN_1"]
[Result "1-0"]
[WhiteElo "2677"]
[BlackElo "2518"]
[PlyCount "50"]
[EventDate "2021.??.??"]
[EventType "blitz"]

1. e4 e5 2. Nf3 d5 3. Nxe5 Bd6 4. d4 dxe4 5. Bc4 Bxe5 6. Qh5 Qe7 7. Qxe5 Qxe5
8. dxe5 Nc6 9. Nc3 Bf5 10. Bf4 Rd8 11. Nd5 Rd7 12. O-O-O Nge7 13. e6 Bxe6 14.
Nxc7+ Rxc7 15. Bxe6 fxe6 16. Bxc7 Nd5 17. Bg3 h5 18. h4 b5 19. Rhe1 e3 20. fxe3
Ke7 21. e4 Nb6 22. Bf4 Rf8 23. Bg5+ Ke8 24. Rd6 Rf2 25. Rxc6 Kf7 {Normal} 1-0

[Event "Rated Blitz tournament N8SaUZwc"]
[Site "?"]
[Date "2021.11.06"]
[Round "?"]
[White "LuC_I_FeR"]
[Black "batasjon"]
[Result "0-1"]
[WhiteElo "2229"]
[BlackElo "2442"]
[PlyCount "48"]
[EventDate "2021.??.??"]
[EventType "blitz"]

1. e4 e5 2. Nf3 d5 3. Nxe5 Bd6 4. d4 dxe4 5. c4 Bxe5 6. dxe5 Qxd1+ 7. Kxd1 Nc6
8. Nc3 Bf5 9. Be2 Nge7 10. Be3 Ng6 11. Kc2 Ngxe5 12. Rad1 Nd3 13. g4 Bg6 14. h4
h5 15. g5 O-O-O 16. a3 Nce5 17. Nd5 Rhe8 18. b3 c6 19. Nb4 a5 20. Nxd3 exd3+
21. Kc3 dxe2 22. Rxd8+ Rxd8 23. b4 Rd1 24. Rxd1 exd1=Q {Normal} 0-1

[Event "Rated Blitz game"]
[Site "?"]
[Date "2021.11.06"]
[Round "?"]
[White "danieljaber"]
[Black "khalid_ontawar"]
[Result "1-0"]
[WhiteElo "2456"]
[BlackElo "2480"]
[PlyCount "111"]
[EventDate "2021.??.??"]
[EventType "blitz"]

1. e4 e5 2. Nf3 d5 3. exd5 e4 4. Ne5 Qxd5 5. d4 exd3 6. Nxd3 Qe6+ 7. Be2 Bd6 8.
O-O Ne7 9. Re1 O-O 10. Bf3 Qf6 11. Nc3 Nbc6 12. Ne4 Qg6 13. Nxd6 Qxd6 14. Bf4
Qd8 15. Nc5 Nd4 16. c3 Nxf3+ 17. Qxf3 Nc6 18. Rad1 Qf6 19. Bxc7 Qxf3 20. gxf3
b6 21. Nd7 Bxd7 22. Rxd7 Rfe8 23. Kf1 Rxe1+ 24. Kxe1 Re8+ 25. Kd2 Re7 26. Rxe7
Nxe7 27. Be5 f6 28. Bd4 Kf7 29. Kd3 Ke6 30. Kc4 Kd6 31. Kb5 Nc6 32. Ka6 Kc7 33.
b4 Kb8 34. a4 Ne7 35. a5 bxa5 36. Bxa7+ Ka8 37. Bc5 Nd5 38. Kxa5 Nxc3 39. Kb6
Na4+ 40. Kc6 Kb8 41. Bd6+ Kc8 42. b5 g6 43. b6 Nxb6 44. Kxb6 Kd7 45. Kc5 Ke6
46. Bg3 Kf5 47. Kd4 Kg5 48. Ke4 Kh5 49. Bc7 Kh4 50. Kd5 Kh3 51. Ke6 Kg2 52.
Kxf6 Kxf3 53. Bg3 Kg4 54. Kg7 h5 55. Kxg6 h4 56. Bxh4 {Normal} 1-0

[Event "Rated Blitz game"]
[Site "?"]
[Date "2021.11.06"]
[Round "?"]
[White "Gubancs"]
[Black "Annali-annaliew1979"]
[Result "0-1"]
[WhiteElo "2422"]
[BlackElo "2489"]
[PlyCount "56"]
[EventDate "2021.??.??"]
[EventType "blitz"]

1. e4 e5 2. Nf3 d5 3. d4 dxe4 4. Nxe5 Bd6 5. Nc4 Nf6 6. Nc3 h6 7. Be2 O-O 8. g4
Nh7 9. h4 f5 10. g5 hxg5 11. hxg5 Nxg5 12. Nxd6 cxd6 13. Bxg5 Qxg5 14. Bc4+ Rf7
15. Nb5 d5 16. Bxd5 f4 17. Bxf7+ Kxf7 18. Nd6+ Ke6 19. Nxe4 Qg2 20. Nc5+ Kd6
21. Qh5 Bg4 22. Qh6+ gxh6 23. Rxh6+ Kd5 24. Nd3 Qg1+ 25. Kd2 Qxa1 26. Kc3 Nc6
27. f3 Bxf3 28. Nxf4+ Ke4 {Time forfeit} 0-1

[Event "Rated Blitz game"]
[Site "?"]
[Date "2021.11.06"]
[Round "?"]
[White "Pohvalit_Aleksandr"]
[Black "khalid_ontawar"]
[Result "1-0"]
[WhiteElo "2433"]
[BlackElo "2479"]
[PlyCount "131"]
[EventDate "2021.??.??"]
[EventType "blitz"]

1. e4 e5 2. Nf3 d5 3. exd5 e4 4. Nd4 Qxd5 5. Nb3 Qe5 6. Nc3 Nf6 7. Qe2 Bd6 8.
d4 Qe7 9. Bg5 Bf5 10. O-O-O Nc6 11. Nd5 Qe6 12. Nxf6+ gxf6 13. Bh6 Bg4 14. Qb5
Bxd1 15. Qxb7 Kd7 16. Bb5 Rab8 17. Qxc6+ Ke7 18. Rxd1 Rb6 19. Qc4 Rhb8 20.
Qxe6+ fxe6 21. Bc4 a5 22. Nxa5 Kf7 23. Bb3 f5 24. Nc4 Ra6 25. Nxd6+ cxd6 26. d5
e5 27. g3 f4 28. gxf4 Kg6 29. Bg5 h6 30. Be7 Rb7 31. Rg1+ Kh5 32. Bf6 Rf7 33.
fxe5 dxe5 34. Bc4 Raxf6 35. Be2+ Kh4 36. Rg4+ Kh3 37. Rxe4 Rxf2 38. Rxe5 h5 39.
Rxh5+ Kg2 40. Re5 Kxh2 41. c4 R7f4 42. b3 Rg2 43. d6 Rd4 44. Rd5 Re4 45. Bd1
Rxa2 46. d7 Ra1+ 47. Kc2 Ra2+ 48. Kc3 Ra8 49. d8=Q Rxd8 50. Rxd8 Re3+ 51. Rd3
Re7 52. c5 Kg2 53. b4 Kf2 54. b5 Ke1 55. c6 Ra7 56. b6 Ra3+ 57. Kc4 Ra6 58. Kb5
Ra2 59. c7 Rb2+ 60. Kc6 Rb1 61. c8=Q Rc1+ 62. Kb7 Rb1 63. Qe6+ Kf2 64. Rf3+ Kg1
65. Qg4+ Kh2 66. Rh3# {Normal} 1-0

[Event "Rated Blitz game"]
[Site "?"]
[Date "2021.11.06"]
[Round "?"]
[White "someoneelse2020"]
[Black "Na7Nebe"]
[Result "1-0"]
[WhiteElo "2487"]
[BlackElo "2470"]
[PlyCount "55"]
[EventDate "2021.??.??"]
[EventType "blitz"]

1. e4 e5 2. Nf3 d5 3. Nxe5 Qe7 4. d4 Nc6 5. Bb5 Bd7 6. Nxd7 Qxe4+ 7. Be2 Kxd7
8. O-O Qxd4 9. Bg4+ Kd8 10. Qf3 Nf6 11. Bf5 Ne5 12. Qb3 Qb6 13. Qc3 Bd6 14. Bf4
Re8 15. Nd2 Re7 16. Rae1 d4 17. Qh3 Ng6 18. Bg5 c5 19. Bxf6 gxf6 20. Qxh7 Ne5
21. f4 Nd7 22. Qg8+ Kc7 23. Qxa8 Qxb2 24. Rxe7 Bxe7 25. Qe8 Nb8 26. Qxe7+ Kb6
27. Rb1 Nc6 28. Qxf6 {Normal} 1-0

[Event "Rated Blitz game"]
[Site "?"]
[Date "2021.11.06"]
[Round "?"]
[White "sedrakchess"]
[Black "Annali-annaliew1979"]
[Result "0-1"]
[WhiteElo "2403"]
[BlackElo "2448"]
[PlyCount "60"]
[EventDate "2021.??.??"]
[EventType "blitz"]

1. e4 e5 2. Nf3 d5 3. Nxe5 Qe7 4. d4 f6 5. Nd3 Nc6 6. Be2 Nxd4 7. exd5 Bg4 8.
Nc3 O-O-O 9. Be3 Bxe2 10. Nxe2 Nf5 11. Qd2 Rxd5 12. O-O-O Nxe3 13. Qxe3 Qxe3+
14. fxe3 Bd6 15. Ndf4 Rxd1+ 16. Rxd1 Ne7 17. Nh5 Rg8 18. Rd4 Nf5 19. Re4 Be5
20. Nd4 Nd6 21. Rh4 c5 22. Nf3 Nf5 23. Re4 Nd6 24. Ra4 g6 25. Nxe5 gxh5 26. Nd3
Rxg2 27. Rh4 b6 28. Rxh5 Nc4 29. Rxh7 Rg1+ 30. Ne1 Rxe1# {Normal} 0-1

[Event "Rated Blitz game"]
[Site "?"]
[Date "2021.11.06"]
[Round "?"]
[White "rnub"]
[Black "Annali-annaliew1979"]
[Result "1-0"]
[WhiteElo "2546"]
[BlackElo "2466"]
[PlyCount "85"]
[EventDate "2021.??.??"]
[EventType "blitz"]

1. e4 e5 2. Nf3 d5 3. exd5 e4 4. Qe2 f5 5. d3 Nf6 6. dxe4 fxe4 7. Bg5 Be7 8.
Bxf6 Bxf6 9. Qxe4+ Kf7 10. Qb4 Re8+ 11. Be2 a5 12. Qa3 a4 13. Nc3 Bf5 14. O-O-O
Bxc3 15. Bb5 Bf6 16. Bxe8+ Qxe8 17. Rhe1 Qd7 18. Ne5+ Bxe5 19. Rxe5 Bg6 20.
Rde1 Qd6 21. Qxd6 cxd6 22. Re8 Kf6 23. Rf8+ Kg5 24. Re7 a3 25. b3 Nc6 26. Rxa8
Nxe7 27. c4 b5 28. Rxa3 bxc4 29. bxc4 Kf4 30. Rb3 Nf5 31. a4 Nd4 32. Rb8 Bd3
33. Kd2 Bf1 34. a5 Bxc4 35. Kc3 Bxd5 36. Kxd4 Bxg2 37. a6 g5 38. a7 h5 39. a8=Q
Bxa8 40. Rxa8 g4 41. Rh8 Kf3 42. Rxh5 Kxf2 43. Ke4 {Normal} 1-0

[Event "Rated Blitz game"]
[Site "?"]
[Date "2021.11.06"]
[Round "?"]
[White "Tartakower257"]
[Black "King_bg03"]
[Result "1/2-1/2"]
[WhiteElo "2566"]
[BlackElo "2595"]
[PlyCount "103"]
[EventDate "2021.??.??"]
[EventType "blitz"]

1. e4 e5 2. Nf3 d5 3. Nxe5 Bd6 4. d4 dxe4 5. Nc3 Bxe5 6. dxe5 Qxd1+ 7. Nxd1 Nc6
8. Bf4 Nge7 9. Bb5 Bd7 10. Bxc6 Bxc6 11. Ne3 Ng6 12. Bg3 O-O-O 13. Nf5 Rhg8 14.
Rd1 Rde8 15. Nd4 Bd7 16. O-O Nxe5 17. Rfe1 f5 18. Bxe5 Rxe5 19. f4 Re7 20. h4
g6 21. Re3 h6 22. Rg3 Reg7 23. Kf2 g5 24. hxg5 hxg5 25. Rxg5 Rxg5 26. fxg5 Rxg5
27. Rh1 c6 28. Rh8+ Kc7 29. Rh7 Kd6 30. b4 b6 31. c4 c5 32. bxc5+ bxc5 33. Nb5+
Bxb5 34. cxb5 f4 35. Rxa7 e3+ 36. Kf1 c4 37. a4 c3 38. Ra6+ Kc5 39. Rc6+ Kb4
40. b6 Kxa4 41. Rxc3 e2+ 42. Kxe2 Rxg2+ 43. Kf1 Rb2 44. Rc4+ Ka5 45. Rxf4 Rb1+
46. Kf2 Rxb6 47. Kf3 Ka6 48. Re4 Kb7 49. Kf4 Ka6 50. Re5 Rb5 51. Kf5 Rxe5+ 52.
Kxe5 {Normal} 1/2-1/2

[Event "Rated Blitz tournament STL0ELLg"]
[Site "?"]
[Date "2021.11.06"]
[Round "?"]
[White "Blitzer-12"]
[Black "Toledanomad"]
[Result "0-1"]
[WhiteElo "2424"]
[BlackElo "2396"]
[PlyCount "50"]
[EventDate "2021.??.??"]
[EventType "blitz"]

1. e4 e5 2. Nf3 d5 3. Nxe5 Bd6 4. d4 dxe4 5. Nc4 Nf6 6. Nc3 O-O 7. Bg5 Re8 8.
Be2 Nc6 9. d5 Ne5 10. Nxd6 Qxd6 11. Qd4 Nf3+ 12. gxf3 exf3 13. O-O-O fxe2 14.
Rde1 c5 15. Qd2 Bg4 16. Rhg1 Bh5 17. Bf4 Qa6 18. Kb1 Rad8 19. d6 Ne4 20. Nxe4
Rxe4 21. Rg5 Rd4 22. Qc3 Bg6 23. Rxc5 Rd1+ 24. Bc1 Rxe1 25. Qxe1 Qxd6 {Normal}
0-1

[Event "Rated Blitz tournament nov21bta"]
[Site "?"]
[Date "2021.11.06"]
[Round "?"]
[White "EdgarRodrigues"]
[Black "KrAKeN_1"]
[Result "0-1"]
[WhiteElo "2507"]
[BlackElo "2507"]
[PlyCount "74"]
[EventDate "2021.??.??"]
[EventType "blitz"]

1. e4 e5 2. Nf3 d5 3. exd5 e4 4. Qe2 Nf6 5. d3 Qxd5 6. dxe4 Qxe4 7. Nc3 Qxe2+
8. Bxe2 Bb4 9. Bf4 Ne4 10. O-O-O Nxc3 11. bxc3 Bxc3 12. Bxc7 Nc6 13. Bb5 O-O
14. Rd3 Bf6 15. Rhd1 Bf5 16. Rd5 Be6 17. Rd6 Rac8 18. Bxc6 bxc6 19. Ba5 c5 20.
a3 c4 21. Nd4 c3 22. Nxe6 fxe6 23. f4 e5 24. f5 Rb8 25. Bxc3 Rfc8 26. Bb2 Bg5+
27. Kb1 e4 28. Ka2 Rxc2 29. Rb1 Bf6 30. Rxf6 gxf6 31. g4 e3 32. Ka1 Rbxb2 33.
Rxb2 Rxb2 34. Kxb2 e2 35. Kc2 e1=Q 36. Kb3 Qe4 37. h3 Qf3+ {Normal} 0-1

[Event "Rated Blitz game"]
[Site "?"]
[Date "2021.11.06"]
[Round "?"]
[White "alex_1094"]
[Black "soltanovich"]
[Result "1-0"]
[WhiteElo "2406"]
[BlackElo "2344"]
[PlyCount "61"]
[EventDate "2021.??.??"]
[EventType "blitz"]

1. e4 e5 2. Nf3 d5 3. exd5 e4 4. Qe2 Nf6 5. Nc3 Be7 6. Nxe4 O-O 7. d4 Nxe4 8.
Qxe4 Bb4+ 9. c3 Re8 10. Ne5 Bd6 11. Bd3 f5 12. Qe2 c6 13. dxc6 Nxc6 14. f4 Qh4+
15. g3 Qh3 16. Bd2 Be6 17. Bc4 Bxe5 18. fxe5 Kh8 19. Bxe6 Rxe6 20. O-O-O Rd8
21. Bf4 Ne7 22. c4 Rb6 23. d5 Rb4 24. Bd2 Rb6 25. Bc3 Qg4 26. Qxg4 fxg4 27.
Rhe1 Kg8 28. Ba5 Ra6 29. Bxd8 Kf7 30. Bxe7 Kxe7 31. d6+ {Normal} 1-0

[Event "Rated Blitz game"]
[Site "?"]
[Date "2021.11.06"]
[Round "?"]
[White "sebcrusherCM"]
[Black "khalid_ontawar"]
[Result "0-1"]
[WhiteElo "2445"]
[BlackElo "2483"]
[PlyCount "20"]
[EventDate "2021.??.??"]
[EventType "blitz"]

1. e4 e5 2. Nf3 d5 3. Nxe5 Qe7 4. d4 f6 5. Nd3 dxe4 6. Nf4 Bf5 7. Bc4 Nc6 8. c3
O-O-O 9. Qa4 Bd7 10. Qb3 Na5 {Normal} 0-1

[Event "Rated Blitz tournament n3Sy5Chh"]
[Site "?"]
[Date "2021.11.06"]
[Round "?"]
[White "Ek_CSS"]
[Black "Bis_Kecil_BKD"]
[Result "1/2-1/2"]
[WhiteElo "2309"]
[BlackElo "2499"]
[PlyCount "43"]
[EventDate "2021.??.??"]
[EventType "blitz"]

1. e4 e5 2. Nf3 d5 3. d4 dxe4 4. Nxe5 Nd7 5. Bf4 Nxe5 6. Bxe5 Nf6 7. Nc3 Bb4 8.
Bc4 O-O 9. O-O Bxc3 10. bxc3 Ng4 11. Bf4 c6 12. h3 Nf6 13. Bg5 Qd6 14. Qd2 Nd5
15. Be2 Qg6 16. c4 Nb6 17. Kh1 Be6 18. c5 Nc4 19. Qf4 Na3 20. Rac1 Nb5 21. c3
h6 22. Be7 {Normal} 1/2-1/2

[Event "Rated Blitz game"]
[Site "?"]
[Date "2021.11.06"]
[Round "?"]
[White "Misi_95"]
[Black "dr_xStranger"]
[Result "1-0"]
[WhiteElo "2728"]
[BlackElo "2653"]
[PlyCount "81"]
[EventDate "2021.??.??"]
[EventType "blitz"]

1. e4 e5 2. Nf3 d5 3. Nxe5 dxe4 4. d4 exd3 5. Bxd3 Bd6 6. Nc4 Nf6 7. O-O O-O 8.
Nxd6 Qxd6 9. h3 Nc6 10. Nc3 Be6 11. Bg5 Nd5 12. Ne4 Qb4 13. c4 Nde7 14. Nf6+
gxf6 15. Bxf6 Ng6 16. Qh5 Rfe8 17. Rae1 Qd6 18. c5 Qf4 19. Bg5 Qd4 20. Bb1 Qxc5
21. Rc1 Qf8 22. Bf6 Rad8 23. Bxd8 Rxd8 24. Rfe1 Qd6 25. Rcd1 Nd4 26. Qg5 Ne2+
27. Kf1 Qxd1 28. Bxg6 Qd2 29. Bxh7+ Kxh7 30. Qh4+ Kg7 31. Rxe2 Qd1+ 32. Re1
Qd3+ 33. Kg1 Rd4 34. Qg5+ Qg6 35. Qe5+ Qf6 36. Qxc7 Bd5 37. Re3 Rd1+ 38. Kh2
Qxf2 39. Rg3+ Kf6 40. Qd6+ Be6 41. Qd8+ {Time forfeit} 1-0

[Event "Rated Rapid game"]
[Site "?"]
[Date "2021.11.06"]
[Round "?"]
[White "Johncito16"]
[Black "DootchMann"]
[Result "0-1"]
[WhiteElo "2345"]
[BlackElo "2482"]
[PlyCount "32"]
[EventDate "2021.??.??"]
[EventType "rapid"]

1. e4 e5 2. Nf3 d5 3. exd5 e4 4. Qe2 Nf6 5. d4 Qxd5 6. Bg5 Be6 7. Bxf6 exf3 8.
gxf3 gxf6 9. Nc3 Bb4 10. O-O-O Bxc3 11. bxc3 Qxa2 12. d5 Nc6 13. dxe6 Qa1+ 14.
Kd2 O-O-O+ 15. Ke1 Qxc3+ 16. Rd2 Nd4 {Normal} 0-1

[Event "Rated Blitz tournament Q9feLscn"]
[Site "?"]
[Date "2021.11.06"]
[Round "?"]
[White "Bullet7707"]
[Black "KappaGolden"]
[Result "0-1"]
[WhiteElo "2553"]
[BlackElo "2288"]
[PlyCount "76"]
[EventDate "2021.??.??"]
[EventType "blitz"]

1. e4 e5 2. Nf3 d5 3. Nxe5 Bd6 4. d4 dxe4 5. Nc4 Nf6 6. Nc3 O-O 7. Be2 Bf5 8.
Be3 Nbd7 9. O-O Re8 10. Nxd6 cxd6 11. a3 d5 12. h3 Rc8 13. Qd2 Nb6 14. Nd1 Qc7
15. c3 Qd7 16. Bf4 h6 17. Ne3 Be6 18. Be5 Qe7 19. Bg3 Nh7 20. Bg4 Qg5 21. Bxe6
Rxe6 22. Qe2 f5 23. Be5 f4 24. Ng4 h5 25. Nh2 f3 26. Nxf3 exf3 27. Qxf3 Rf8 28.
Qd3 Rg6 29. Bg3 h4 30. Rae1 hxg3 31. Re5 gxf2+ 32. Rxf2 Qc1+ 33. Kh2 Rxf2 34.
Qxg6 Qf4+ 35. Qg3 Qxg3+ 36. Kxg3 Rxb2 37. Re8+ Kf7 38. Re7+ Kxe7 {Normal} 0-1

[Event "Rated Blitz game"]
[Site "?"]
[Date "2021.11.06"]
[Round "?"]
[White "artrt24"]
[Black "DOOGE228"]
[Result "1-0"]
[WhiteElo "2422"]
[BlackElo "2429"]
[PlyCount "49"]
[EventDate "2021.??.??"]
[EventType "blitz"]

1. e4 e5 2. Nf3 d5 3. exd5 e4 4. Qe2 Nf6 5. d3 Qxd5 6. Nbd2 Nc6 7. dxe4 Qe6 8.
Qc4 Qe7 9. c3 Be6 10. Qb5 O-O-O 11. Bc4 Bd7 12. Qg5 h6 13. Qe3 Ng4 14. Qe2 Re8
15. O-O Nce5 16. h3 Nxc4 17. Qxc4 Ne5 18. Nxe5 Qxe5 19. f4 Qh5 20. Nf3 Bc5+ 21.
Kh2 Bb6 22. a4 g5 23. a5 g4 24. axb6 a6 25. Qxc7# {Normal} 1-0

[Event "Rated Blitz game"]
[Site "?"]
[Date "2021.11.06"]
[Round "?"]
[White "Gubancs"]
[Black "alaeldin1212"]
[Result "1-0"]
[WhiteElo "2425"]
[BlackElo "2386"]
[PlyCount "73"]
[EventDate "2021.??.??"]
[EventType "blitz"]

1. e4 e5 2. Nf3 d5 3. d4 dxe4 4. Nxe5 Bd6 5. Nc4 Nf6 6. Be2 Nc6 7. Nc3 O-O 8.
g4 Bb4 9. Be3 Nd5 10. Qd2 b5 11. Ne5 Nxe5 12. dxe5 Nxe3 13. Qxe3 Bb7 14. Bxb5
Qd5 15. Be2 Qxe5 16. O-O-O Bc6 17. f4 Qa5 18. a3 Bxa3 19. bxa3 Qxa3+ 20. Kd2
Qb2 21. Ke1 Rfd8 22. Kf2 Qxc2 23. Rc1 Qb2 24. Rb1 Qa3 25. Ra1 Qe7 26. h4 Rab8
27. g5 g6 28. Rxa7 Rb3 29. Rc1 Qe6 30. Rxc7 Ra8 31. Rxc6 Qxc6 32. Qxe4 Qc5+ 33.
Qe3 Qb4 34. Nd5 Rxe3 35. Nxb4 Re4 36. Nd5 Ra2 37. Nf6+ {Normal} 1-0

[Event "Rated Blitz game"]
[Site "?"]
[Date "2021.11.06"]
[Round "?"]
[White "Radanya_Official"]
[Black "Schachelite"]
[Result "1/2-1/2"]
[WhiteElo "2383"]
[BlackElo "2502"]
[PlyCount "91"]
[EventDate "2021.??.??"]
[EventType "blitz"]

1. e4 e5 2. Nf3 d5 3. Nxe5 Bd6 4. d4 dxe4 5. Bc4 Bxe5 6. dxe5 Qxd1+ 7. Kxd1 Nc6
8. Bf4 Nge7 9. Nc3 Ng6 10. Bg3 Ngxe5 11. Bb3 Bg4+ 12. Ke1 f5 13. h3 Bh5 14. a3
Bf7 15. Ba4 O-O-O 16. Rd1 Rxd1+ 17. Kxd1 Rd8+ 18. Ke2 a6 19. Rd1 Rxd1 20. Kxd1
b5 21. Bb3 Bxb3 22. cxb3 Ng6 23. Kd2 f4 24. Bh2 Nd4 25. Nxe4 Nxb3+ 26. Kc3 Na5
27. Ng5 Kd7 28. Nxh7 Ke6 29. Ng5+ Kf5 30. Nf3 c5 31. b4 cxb4+ 32. Kxb4 Nc4 33.
a4 Nd6 34. axb5 axb5 35. Nd4+ Ke4 36. Nxb5 Nxb5 37. Kxb5 Nh4 38. Bxf4 Kxf4 39.
g3+ Kf3 40. gxh4 Kxf2 41. Kc5 Kg3 42. Kd5 Kxh4 43. Ke5 Kxh3 44. Kf5 Kh4 45. Kg6
Kg4 46. Kxg7 {Normal} 1/2-1/2

[Event "Rated Blitz game"]
[Site "?"]
[Date "2021.11.06"]
[Round "?"]
[White "nimamideje"]
[Black "khalid_ontawar"]
[Result "1/2-1/2"]
[WhiteElo "2662"]
[BlackElo "2484"]
[PlyCount "193"]
[EventDate "2021.??.??"]
[EventType "blitz"]

1. e4 e5 2. Nf3 d5 3. d4 dxe4 4. Nxe5 Be6 5. Nc3 Nf6 6. Bg5 Be7 7. Be2 Nbd7 8.
Nxd7 Qxd7 9. Bxf6 Bxf6 10. Nxe4 Qxd4 11. Nxf6+ Qxf6 12. c3 Rd8 13. Qa4+ Bd7 14.
Qb4 Qe7 15. Qxe7+ Kxe7 16. O-O-O Bc6 17. f3 Rxd1+ 18. Rxd1 Rd8 19. Rxd8 Kxd8
20. Kd2 b6 21. Ke3 Ke7 22. g3 h6 23. f4 f6 24. b4 g5 25. h4 Bd7 26. Kd4 Kd6 27.
Bf3 c5+ 28. Ke3 cxb4 29. cxb4 a5 30. a3 axb4 31. axb4 Bc6 32. Be2 Bd5 33. Kd4
Be6 34. Bf3 Bd7 35. Bd5 Ba4 36. Be4 Bb3 37. Bf5 Ba2 38. Bc2 Bd5 39. Bd3 Bf3 40.
Kc4 Bc6 41. Bg6 gxh4 42. gxh4 Ke6 43. Kd4 Kd6 44. Bf5 Bd5 45. Be4 Be6 46. Bf3
Bf5 47. Kc4 Bd7 48. Bd5 Be8 49. Bg8 Ba4 50. Bh7 Bd7 51. Kd4 Ba4 52. Be4 Bb5 53.
Bd5 Be2 54. Bc4 Bf3 55. Bb5 Bd5 56. Be8 Bg2 57. Kc4 Bf1+ 58. Kc3 Be2 59. Kd4
Bf1 60. Ke4 Ke6 61. f5+ Kd6 62. Bf7 Be2 63. Kd4 Bb5 64. Be6 Bc6 65. Ke3 Ke5 66.
Bc8 Be4 67. Bb7 Bxf5 68. Bf3 Be6 69. Be2 Bd5 70. Bd3 f5 71. Be2 f4+ 72. Kf2 Kd4
73. Bf1 Bc4 74. Bg2 Bd5 75. Bf1 Kc3 76. b5 Kb4 77. Bd3 Bc4 78. Bf5 Bxb5 79. Kf3
Bc4 80. Kxf4 Kc3 81. Ke5 b5 82. Kd6 b4 83. Kc5 b3 84. h5 b2 85. Bb1 Bd3 86. Ba2
Bc2 87. Kd5 Bb3+ 88. Bxb3 Kxb3 89. Ke5 b1=Q 90. Kf6 Qg1 91. Kf5 Qg5+ 92. Ke6
Qxh5 93. Kd6 Qg5 94. Kd7 h5 95. Ke8 h4 96. Kd7 h3 97. Kc8 {Time forfeit}
1/2-1/2

[Event "Rated Blitz game"]
[Site "?"]
[Date "2021.11.06"]
[Round "?"]
[White "Topmiscia"]
[Black "GoughPhar"]
[Result "0-1"]
[WhiteElo "2469"]
[BlackElo "2441"]
[PlyCount "112"]
[EventDate "2021.??.??"]
[EventType "blitz"]

1. e4 e5 2. Nf3 d5 3. exd5 e4 4. Qe2 Nf6 5. Nc3 Be7 6. Nxe4 O-O 7. d3 Re8 8.
Bd2 Nxd5 9. O-O-O f5 10. Neg5 Bf6 11. Ne4 Nc6 12. Be1 Bd4 13. g4 fxe4 14. dxe4
Bxg4 15. Rg1 Qf6 16. Rxg4 Bxb2+ 17. Kb1 Nc3+ 18. Bxc3 Qxc3 19. Qc4+ Kh8 20.
Qxc3 Bxc3 21. Ng5 Ne5 22. Rg3 h6 23. Rxc3 hxg5 24. Rxc7 Rab8 25. Rd5 Kh7 26. h4
gxh4 27. f4 Ng4 28. Rg5 Nf6 29. Rgxg7+ Kh6 30. e5 Rbc8 31. Rxc8 Rxc8 32. exf6
Rf8 33. Bd3 Rh8 34. Rh7+ Rxh7 35. Bxh7 Kxh7 36. Kc1 h3 37. Kd2 h2 38. Ke3 h1=Q
39. Kd4 Qc6 40. Ke5 Kg6 41. f5+ Kf7 42. Kf4 Qxf6 43. c4 Qb2 44. Ke4 Qxa2 45.
Kd5 Qa3 46. Kd4 Qa5 47. c5 Kf6 48. Kd5 Qc3 49. Ke4 Qe5+ 50. Kd3 Qxf5+ 51. Kc4
Qe6+ 52. Kb5 Qc6+ 53. Kc4 Ke5 54. Kb4 Kd4 55. Kb3 Kd3 56. Kb2 Qxc5 {Time
forfeit} 0-1